00925nam a22002532a 450000100060000000300080000600500170001400800410003103500190007204000270009104100080011808200270012610000290015324500620018226000340024430000330027850200310031150400310034265100570037365100570043094200120048799900170049995201550051627818BD-RjUL20211209051215.0140327s1967 ne b b 000 0 eng d a(BD-RjUL)27897 aDLCcDLCdBD-RjULbeng aeng00a382.09420536bAMB 19671 aAmin, Abdul Amir.98538710aBritish interests in the Persian Gulf /cAbdul Amir Amin. aLeiden :bE. J. Brill,cc1967 avi, 163 p. :bill. ;c24 cm. aThesis--Univ. of Maryland. aBibliography: p. [159]-163 0aGreat BritainxCommercezPersian Gulf Region.985388 0aPersian Gulf RegionxCommercezGreat Britain.985389 2ddccBK c27818d27818 00102ddc40728NFICaRUCLbRUCLcReadingd1970-09-22eSweet & Zeitlingerg92.00l0o382.09420536 AMB 1967r2014-03-27 00:00:00tC-1w2014-03-27yBK